|
|
|
|
| LEADER |
00976nam a2200217 a 4500 |
| 001 |
GR-MES4954 |
| 008 |
991111s1993 gr 000 0 gre d |
| 020 |
|
|
|a 9602320265
|
| 040 |
|
|
|a GrPaTEI
|b gre
|c GR-PaULI
|
| 245 |
0 |
2 |
|a Η εξέλιξη της Ελληνικής πολιτικής στη δεύτερη Ελληνική προέδρια του συμβουλίου της Ευρωπαϊκής κοινότητας.
|
| 260 |
|
|
|a Αθήνα :
|b ΑΝΤ.Ν.Σάκκουλα,
|c 1993
|
| 300 |
|
|
|a 175σελ.
|
| 650 |
|
4 |
|a Ελλάδα
|
| 650 |
|
4 |
|a ΕΟΚ
|
| 650 |
|
4 |
|a ΕΥΡΩΠΑΙΚΗ ΚΟΙΝΟΤΗΤΑ
|
| 700 |
1 |
|
|a Κρανιδιώτης, Γ.
|
| 710 |
0 |
|
|a ΑΝΤ.Ν.Σάκκουλα
|
| 942 |
|
|
|2 ddc
|
| 952 |
|
|
|0 0
|1 0
|2 ddc
|4 0
|6 341_242000000000000_2_ΚΡΑ
|7 0
|9 269596
|a MSLG
|b MSLG
|c BSC
|d 2021-01-17
|e 24
|f 0
|g 0.00
|l 0
|o 341.242 2 ΚΡΑ
|p 2420000014413
|r 2021-01-17 00:00:00
|t 1
|w 2021-01-17
|y BK15
|x 19991111 0 1
|x GrPaTEI
|
| 971 |
|
|
|a .b25760014
|b 16-04-20
|c 13-09-16
|
| 999 |
|
|
|c 155573
|d 155573
|